ISAF 2000 : Proceedings of the 2000 12th IEEE International Symposium on Applications of Ferroelectrics : Honolulu, Hawaii, U.S.A., July 21-August 2, 2000 /

Bibliographic Details
Corporate Authors: IEEE International Symposium on Applications of Ferroelectrics Honolulu, Hawaii, Institute of Electrical and Electronics Engineers, IEEE Ultrasonics, Ferroelectrics, and Frequency Control Society
Other Authors: Streiffer, S. K.
Format: Conference Proceeding Book
Language:English
Published: Piscataway, New Jersey : IEEE, [2001]
Subjects:

MARC

Tag First Indicator Second Indicator Subfields
LEADER 00000cam a2200000 a 4500
001 in00001676331
005 20151024130338.0
008 010808s2001 njua b 101 0 eng d
020 |a 0780359402 
020 |a 0780359410 (casebound edition) 
020 |a 0780359429 (microfiche edition) 
035 |a (OCoLC)ocm47733546 
040 |a LHL  |c LHL  |d TXA  |d UtOrBLW 
049 |a TXAM 
090 |a TK7872.F44  |b I35 2000 
111 2 |a IEEE International Symposium on Applications of Ferroelectrics  |n (12th :  |d 2000 :  |c Honolulu, Hawaii) 
245 1 0 |a ISAF 2000 :  |b Proceedings of the 2000 12th IEEE International Symposium on Applications of Ferroelectrics : Honolulu, Hawaii, U.S.A., July 21-August 2, 2000 /  |c editors: S.K. Streiffer [and others] ; the Institute of Electrical and Electronic Engineers, Ultrasonics, Ferroelectrics and Frequency Control Society. 
246 3 1 |a 2000 IEEE International Symposium on Applications of Ferroelectrics 
264 1 |a Piscataway, New Jersey :  |b IEEE,  |c [2001] 
264 4 |c ©2001 
300 |a 2 volumes (xx, 1016 pages) :  |b illustrations ;  |c 28 cm. 
336 |a text  |b txt  |2 rdacontent 
337 |a unmediated  |b n  |2 rdamedia 
338 |a volume  |b nc  |2 rdacarrier 
500 |a "IEEE catalog number 00CH37076"--Title page verso. 
504 |a Includes bibliographical references and index. 
650 0 |a Ferroelectric devices  |v Congresses. 
650 0 |a Thin film devices  |v Congresses. 
650 0 |a Dielectric devices  |v Congresses. 
650 0 |a Piezoelectric devices  |v Congresses. 
700 1 |a Streiffer, S. K. 
710 2 |a Institute of Electrical and Electronics Engineers. 
710 2 |a IEEE Ultrasonics, Ferroelectrics, and Frequency Control Society. 
948 |a cataloged  |b h  |c 2002/5/1  |d c  |e dmitchel  |f 8:28:24 am 
994 |a E0  |b TXA 
999 |a MARS 
999 f f |s 2aa29dcf-102f-3269-a329-9444a3234eb3  |i 986f8296-a935-3c09-ac3c-6f3e0074ee53  |t 0 
952 f f |p ric  |a Texas A&M University  |b Rellis Campus  |c Joint Library Facility  |d Remote Storage  |t 0  |e TK7872.F44 I35 2000  |h Library of Congress classification  |i unmediated -- volume  |k v.1  |m A14828903122 
952 f f |p ric  |a Texas A&M University  |b Rellis Campus  |c Joint Library Facility  |d Remote Storage  |t 0  |e TK7872.F44 I35 2000  |h Library of Congress classification  |i unmediated -- volume  |k v.2  |m A14828903164 
998 f f |a TK7872.F44 I35 2000  |s v.1-v.2  |t 0  |l Remote Storage